Statistics for Countries with Universities in the Top 200

Click here to take the quiz!

General Stats

  • This quiz has been taken 171 times
    (106 since last reset)
  • The average score is 29 of 34

Answer Stats

# UniversitiesCountry% Correct
8Canada
100%
26United Kingdom
100%
13Australia
99%
11Germany
99%
8Japan
99%
1Spain
99%
45United States
99%
1Brazil
98%
5France
98%
12China
96%
3Italy
95%
2Mexico
95%
2Norway
95%
1Russia
95%
6Sweden
95%
9Netherlands
94%
7South Korea
93%
1Argentina
92%
3Belgium
92%
3India
92%
2New Zealand
91%
7Switzerland
89%
2Austria
88%
2Ireland
88%
2Finland
86%
3Denmark
85%
2Chile
73%
2Singapore
71%
1Israel
69%
2Taiwan
69%
1United Arab Emirates
64%
2Saudi Arabia
62%
5Malaysia
52%
1Kazakhstan
12%

Score Distribution

Percentile by Number Answered

Percent of People with Each Score

Your Score History

You have not taken this quiz since the last reset